Electrical power system

Salvato in:
Dettagli Bibliografici
Autore principale: HUSAIN, Ashfaq
Natura: Libro
Lingua:inglese
Pubblicazione: CBS Publishers 2018
Tags: Aggiungi Tag
Nessun Tag, puoi essere il primo ad aggiungerne!!

MARC

LEADER 00000nam a22000007a 4500
008 240226b |||||||| |||| 00| 0 eng d
020 |a 8128914482 
100 |a HUSAIN, Ashfaq 
245 |a Electrical power system  |c /Ashfaq Husain  |g xxii,694p;ill 
250 |b 5th  
260 |b CBS Publishers  |c 2018  |h New Delhi  |i 701573  |i 701574  |l TK1001.H95  |m Electric power systems  |m Electric power distribution  |m Electric power production 
500 |a it includes index 
942 |a lcc  |c BK  |e Johnson  |f 26/02/24 
999 |c 2433  |d 2433